| 000 | 00953cam a2200373 4500 | ||
|---|---|---|---|
| 001 | ABS61193 | ||
| 008 | 000000n1999 000 0 eng u | ||
| 035 | _a(Sirsi) u101785 | ||
| 245 | _aFocus '99: Central London boroughs. | ||
| 260 | _c1999 | ||
| 490 |
_aEstates Gazette _v(9935) 4 September 1999, 61-87(17) |
||
| 650 | _aGREENWICH | ||
| 650 | _aLEWISHAM | ||
| 650 | _aDOCKLANDS LIGHT RAILWAY | ||
| 650 | _aWOOLWICH | ||
| 650 | _aMILLENNIUM DOME | ||
| 650 | _aSOUTHWARK | ||
| 650 | _aURBAN REGENERATION | ||
| 650 | _aJUBILEE LINE EXTENSION | ||
| 650 | _aEAST LONDON LINE | ||
| 650 | _aLAMBETH | ||
| 650 | _aWANDSWORTH | ||
| 650 | _aEALING | ||
| 650 | _aBRENT | ||
| 650 | _aWEMBLEY STADIUM | ||
| 650 | _aHARINGEY | ||
| 650 | _aBARNET | ||
| 650 | _aWOOD GREEN | ||
| 650 | _aHACKNEY | ||
| 650 | _aNEWHAM | ||
| 650 | _aTOWER HAMLETS | ||
| 690 | _aPROPERTY-COMMERCIAL PROPERTY-COMMERCIAL PROPERTY MARKET | ||
| 942 | _n0 | ||
| 999 |
_c60898 _d60898 |
||